000 01590nam a22002897a 4500
005 20240910150039.0
008 240910b ||||| |||| 00| 0 eng d
020 _a 978303562665 hardcover
020 _a303562665 hardcover
020 _a9783035626667 paperback
020 _a3035626669 paperback
040 _aCO-BoUCM
_cDavid Moreno
_dDavid Moreno
041 _aeng
245 1 0 _aConstructing architecture
_bmaterials, processes, structures : a handbook
_cAndrea Deplaze
246 _aArchetypes of construction
_bsolid construction, hybrid construction, filigree construction
250 _a5a. Ed
260 _aBasel
_bBirkhäuser
_c2022
300 _a 607 Paginas
_bilustraciones + 1 póster (ilustraciones, mapa, planos; 117 x 79 cm plegado a 23 x 30 cm)
505 _rMaterials/modules. Modules -- Masonry -- Concrete -- Timber -- Steel -- Insulation -- Glass or plastic -- Elements. Foundation/plinth -- Facade -- Opening -- Floor -- Roof -- Stairs, lifts -- Structures. Forms of construction -- Building performance, energy -- Buildings. Selected projects -- Components. Drawings -- Foundation/plinth -- Wall/floor -- Opening -- Floor -- Roof/parapet -- Extension. Views on climate.
700 1 _aDeplazes, Andrea
_eeditor
_9103497
700 1 _aSöffker, Gerd H.
_etraductor
_9182615
700 1 _aThrift, Philip
_etraductor
_9182616
700 1 _aOverney, Jan
_etraductor
_9182617
710 _aEidgenössische Technische Hochschule Zürich
_bDepartement Architektur
_9182618
942 _2DEWEY
_a17
_cLIBRO
_e5
_h720
_mD421c
_n0
999 _c324694
_d324694